=LDR 00000nam 2200000 4500 =001 INLIS000000000027090 =005 20130612125507 =008 ***********************************Ind** =035 ##$$0010-061300000027090 =041 ##$$a Ind =082 ##$$a 745.4 =090 ##$$a 745.4, Jum p =100 ##$$a Jumanta =245 ##$$a Pola berdiri untuk leher dan lengan busana wanita, Jumanta ; penyunting, Tamudi =260 ##$$a 2005 $b jakarta =300 ##$$a 72 hlm, ilus, 28 cm =650 ##$$a Pakaian Desain dan Pola =700 ##$$a Tanudi =850 ##$$a NBPNMAT